LEADER 01133nam a2200265 u 4500 001 000000116587 003 CaOOAMICUS 005 20090703152753.0 008 090703s2007 fr u000 u fre r 020 $z978-2-204-08491-8* 040 $aPUL$bita$dLDB 245 03$aLa déontologie des ministères ecclésiaux /$csous la direction de Louis-Léon Christians ; préface par Alphonse Borras. 260 $aParis :$bCerf,$c2007. 300 $a211 p. ;$c22 cm 490 1 $aDroit canonique 504 $aBibliografia in nota. 650 4$aMagistero ecclesiastico.$0(OLS)http://pul/subject/2042 700 1 $aChristians, Louis-Léon.$0(OLS)http://pul/name/44502 830 0$aDroit canonique,$x1152-1155.$0(OLS)http://pul/title/47959 850 $aPUL 852 $aPUL$W1$xSL Diritto Canonico 1$y5$m153 L 21$j133629$qStampati$B132662$CPULBib$Z2$F132662 $H1110028 $82 941 1 $a8 996 $6020$z978-2-204-08491-8*$9(OLS)http://pul/number/141392 996 $6245$aLa déontologie des ministères ecclésiaux$9(OLS)http://pul/title/146521 996 $6260$aParis :$bCerf$9(OLS)http://pul/publisher/48238 LEADER 01063nam a2200253 u 4500 001 000000109861 003 CaOOAMICUS 005 20080219095407.0 008 080219s1908 it u000 u ita u 040 $aPUL(R)$bita$dBc 110 1 $aItalia (Regno).$kLeggi, statuti, ecc.$0(OLS)http://pul/name/37038 245 12$aI Cinque codici del Regno d'Italia /$c[a cura di ] L. Franchi. 250 $aEdizione vademecum. 260 $aMilano :$bUlrico Hoepli,$c1908. 300 $a794 p. ;$c16 cm. 490 1 $aManuali Hoepli 610 14$aItalia$xLeggi, statuti, ecc.$0(OLS)http://pul/subject/2360 700 1 $aFranchi, Luigi,$d1862-1938.$0(OLS)http://pul/name/29542 830 0$aManuali Hoepli.$0(OLS)http://pul/title/5902 850 $aPUL 852 $aPUL$W1$xDP1 Cons. Gen., Altre Classi 1$y22$m829 B 30$j125792$qStampati$B124520$CPULBib$Z2$F124520 $H22073 $82 941 1 $a8 996 $6245$aI Cinque codici del Regno d'Italia$9(OLS)http://pul/title/138153 996 $6260$aMilano :$bUlrico Hoepli$9(OLS)http://pul/publisher/56667